Statistics for Breeds of Deer

Click here to take the quiz!

General Stats

  • This quiz has been taken 265 times
  • The average score is 8 of 29

Answer Stats

Answer% Correct
Whitetail
88%
Mule
73%
Elk
72%
Moose
71%
Red
66%
Black Tail
61%
Caribou
56%
Fallow
51%
Roe
44%
Chital
34%
Sika
31%
Muntjac
24%
Sambar
17%
Chinese Water Deer
11%
Pudu
9%
Rusa
9%
Hog
7%
Père David’s
7%
Barasingha
6%
Brocket
5%
Tufted
5%
Bawean
4%
Guemals
3%
Marsh
3%
Pampas
2%
Thamin
2%
Schomburgk’s
1%
Thorold’s
1%
White Lipped
1%

Score Distribution

Percentile by Number Answered

Percent of People with Each Score

Your Score History

You have not taken this quiz